Szczegóły MARC21

Mgławice dyskursu : podmiot, tekst, interpretacja /

003 -Nazwa inst., której nr kontr. jest w polu 001 [,]
    • @
    • Nazwa instytucji, której n kontrolny jest w polu 001
    • NUKAT
005 -DATA I CZAS OSTATNIEJ MODYFIKACJI [,]
    • @
    • pole kontrolne
    • 20241231103800.0
020 -Międzynarod. znormalizowany nr książki - ISBN [ , ]
    • a
    • Numer ISBN
    • 837052611X Find
040 -Instytucja sporządzająca opis [ , ]
    • a
    • Instytucja, która sporządziła opis (NP)
    • TOR U/RSt
    • c
    • Instytucja, która sporządziła rekord (NP)
    • TOR U/RSt
    • d
    • Instytucja, która zmodyfikowała rekord (P)
    • TOR U/AP
041 -Język dokumentu [1, ]
    • a
    • Język tekstu (P)
    • polski
    • h
    • Język tekstu oryginalnego i/lub pośredniego (P)
    • angielski
942 -Rodzaj dokumentu [ , ]
    • c
    • Rodzaj dokumentu
    • Książka
100 -Hasło główne - nazwa osobowa [1, ]
    • a
    • Nazwa osobowa (NP)
    • Kalaga, Wojciech
    • d
    • Daty biograficzne (NP)
    • (1949- ).
    • 9
    • KHW
    • 26551
240 -Tytuł ujednolicony [1,0]
    • a
    • Tytuł ujednolicony
    • Nebulae of discourse
    • l
    • Język tekstu
    • (pol.)
    • 9
    • KHW
    • 466405
245 -Strefa tytułu i oznaczenia odpowiedzialności [1,0]
    • a
    • Tytuł
    • Mgławice dyskursu : Find
    • b
    • Ciąg dalszy tytułu (NP)
    • podmiot, tekst, interpretacja / Find
    • c
    • Pozostałe elementy strefy tytułu i oznaczenia odpowiedzialności (NP)
    • Wojciech Kalaga.
260 -Strefa adresu wydawniczego [ , ]
    • a
    • Miejsce wydania (P)
    • Kraków :
    • b
    • Nazwa wydawcy (P)
    • Universitas,
    • c
    • Data wydania (P)
    • cop. 2001.
300 -Strefa opisu fizycznego [ , ]
    • a
    • Określenie formy książki i/lub objętość (NP)
    • 318, [2] s. ;
    • c
    • Format (NP)
    • 21 cm.
336 -Typ zawartości [ , ]
    • a
    • Termin opisujący typ zawartości
    • Tekst
    • b
    • Kod określający zawartość
    • txt
    • 2
    • Źródło (terminu i kodu)
    • rdacontent
337 -Typ mediów [ , ]
    • a
    • Tryb odtwarzania
    • Bez urządzenia pośredniczącego
    • b
    • Kod typu mediów
    • n
    • 2
    • Źródło (terminu i kodu)
    • rdamedia
338 -Typ/rodzaj nośnika [ , ]
    • a
    • Hasło opisujące typ nośnika
    • Wolumin
    • b
    • Kod typu nośnika
    • nc
    • 2
    • Źródło (terminu i kodu)
    • rdacarrier
490 -Strefa serii i książki wielotomowej - forma nie do wyszukiwania [1, ]
    • a
    • Tytuł (P)
    • Horyzonty Nowoczesności ; Find
    • v
    • Numeracja (P)
    • 17
830 -Hasło dodatkowe serii i opisu książki wielotomowej - tytuł ujednolicony/tytuł [ ,0]
    • a
    • Tytuł ujednolicony/tytuł (NP)
    • Horyzonty Nowoczesności
    • v
    • Oznaczenie tomu (NP)
    • t. 17
    • 9
    • KHW
    • 18918
500 -Uwaga ogólna [ , ]
    • a
    • Uwaga ogólna (NP)
    • Książka jest autorskim przekł. z jęz. ang.
504 -Uwaga dot. bibliogr. załącznikowej [ , ]
    • a
    • Uwaga dot. bibliografii załącznikowej
    • Bibliogr. s. 295-312.
650 -Hasło przedmiotowe [ ,7]
    • a
    • Hasło przedmiotowe
    • Filozofia i literatura.
    • 2
    • Źródło terminu
    • kaba
    • 9
    • KHW
    • 108746
650 -Hasło przedmiotowe [ ,7]
    • a
    • Hasło przedmiotowe
    • Interpretacja (filozofia).
    • 2
    • Źródło terminu
    • kaba
    • 9
    • KHW
    • 112249
650 -Hasło przedmiotowe [ ,7]
    • a
    • Hasło przedmiotowe
    • Semiotyka i literatura.
    • 2
    • Źródło terminu
    • kaba
    • 9
    • KHW
    • 129960
710 -Hasło dodatkowe - nazwa ciała zbiorowego [2, ]
    • a
    • Nazwa ciała zbiorowego lub nazwa geograficzna jako pierwszy element (NP)
    • Towarzystwo Autorów i Wydawców Prac Naukowych "Universitas".
    • 4
    • Kod relacji
    • pbl
    • 9
    • KHW
    • 56074
920 -ISBN [ , ]
    • a
    • ISBN
    • 83-7052-611-X Find
Sygnatura Status udost. Numer inwentarzowy Data inwentaryzacji Lokalizacja
 1Q.122018-10-18BM
POL.Horyzonty Nowoczesności t.171P.179452002-01-31BM